Responses for Show #4664 - Thursday, December 9, 2004

Contestants

[<< previous game]

Tom McCudden, a law student from Durham, North Carolina

Karen Lafferty, a teacher from San Diego, California

Megan Susman, an environmental policy specialist from Arlington, Virginia (whose 1-day cash winnings total $19,599)

[next game >>]

Jeopardy! Round responses

AVIATION
SIDEKICKS
A WEALTH OF INFORMATION
THEY USED TO BE IN CHARGE
SOCIAL TYPES
"FRE"-DOM
    $200 17
Sikorsky

Tom
    $200 1
The Nutty Professor

Tom
    $200 22
wildfires

Tom
    $200 2
South Africa

Tom
    $200 16
town

Megan
    $200 11
sugar free

Karen
    $400 18
thrust

Tom
    $400 5
Herve Villechaize

Tom
    $400 23
Hawaii

Megan
    $400 3
Neville Chamberlain

Tom
    $400 30
the '20s

Tom
    $400 12
Alfred

Megan
    $600 19
vertical takeoff and landing

Tom
    $600 6
The Green Hornet

Tom
    $600 24
shamrock

Megan
    $600 4
Sweden

Megan
    $600 29
wannabe

Tom
    $600 13
proofreader

Megan
    $6,600 20
yaw

Tom
    $800 7
George "Gabby" Hayes

Triple Stumper
    $800 25
multiply

Megan
    $800 9
(Brian) Mulroney

Tom
    $800 28
gray

Tom
    $800 14
antifreeze

Tom
    $1000 21
the Jenny

Tom
    $1000 8
Blackadder

Tom
    $1000 26
Birdseye

Megan
    $1000 10
Andropov

Tom
    $1000 27
glitterati

Megan
    $1000 15
fresco

Karen

Scores at the first commercial break (after clue 15):

Megan Karen Tom
$1,600 $1,200 $5,400

Scores at the end of the Jeopardy! Round:

Megan Karen Tom
$5,600 $1,200 $16,200

Double Jeopardy! Round responses

MEDIEVAL TIMES
A "THORN"-Y CATEGORY
SAY HELLO TO OUR FEATHERED FRIENDS
I PUT YOU ON THE MAP
SIGNS & SYMBOLS
ALLITERATION
    $400 1
compass

Tom
    $400 4
(Billy Bob) Thornton

Tom
    $400 5
Alaska

Tom
    $400 8
Marie Antoinette

Tom
    $400 15
a crossing (or intersection)

Tom
    $400 16
a Passion play

Tom
    $800 2
Venice

Tom
    $800 7
The Thorn Birds

Tom
    $800 6
pelican

Megan
    $800 9
Africa

Karen
    $800 21
Anaheim Mighty Ducks

Megan
    $800 17
soft soap

Tom
    $1200 3
freelance

Megan
    $1200 12
The Wild Thornberrys

Megan
    $1200 30
talon

Megan
    $1200 25
(Tom: What is Yekaterinaburg?)
...
(Alex: Tom, in the name of the place, you added the "A". It's [*], not Yekaterinaburg.)

Yekaterinburg

Tom
Triple Stumper
    $1200 22
infinity

Tom
    $1200 18
Grey Goose

Megan
    $1,500 10
(Karen: What are the Giants?)

Vikings

Karen
    $1600 13
Dick Thornburgh

Megan
    $1600 29
preening

Tom
    $1600 26
King County

Tom
    $8,000 23
(Alex: Forget about English, think about other languages. Mardi, in French, for example.)

Tuesday

Tom
    $1600 19
(Tom: What are...)

money markets

Tom
Triple Stumper
    $2000 11
Aethelred the Unready

Tom
    $2000 14
Thornfield Hall

Triple Stumper
    $2000 28
(Tom: What is persimmon?)

pomegranate

MeganTom
    $2000 27
Alexander the Great

Megan
    $2000 24
a caret

Karen
    $2000 20
a tourist trap

Megan

Scores at the end of the Double Jeopardy! Round:

Megan Karen Tom
$19,600 $2,500 $30,600

[wagering suggestions for these scores]

Final Jeopardy! Round responses

RARITIES
KarenWho is Shakespeare?
$2,450
MeganWho is Drake?
$19,600
TomWho is Shakespeare?
$10,000
William Shakespeare

Final scores:

Megan Karen Tom
$0 $4,950 $40,600
3rd place: $1,000 2nd place: $2,000 New champion: $40,600

Game dynamics:

Coryat scores:

Megan Karen Tom
$19,600 $4,000 $18,400
19 R,
0 W
4 R,
1 W
(including 1 DD)
32 R
(including 2 DDs),
3 W

Combined Coryat: $42,000

[game clues] [game scores] [suggest correction]

Game tape date: 2004-09-08
The J! Archive is created by fans, for fans. Scraping, republication, monetization, and malicious use prohibited; this site may use cookies and collect identifying information. See terms. The Jeopardy! game show and all elements thereof, including but not limited to copyright and trademark thereto, are the property of Jeopardy Productions, Inc. and are protected under law. This website is not affiliated with, sponsored by, or operated by Jeopardy Productions, Inc. Join the discussion at JBoard.tv.